[Event "Championnat de France - Open C"]
[Site "Belfort - SNPHHUATVS"]
[Date "2010.08.21"]
[Round "11.7"]
[White "Ruhant, Anthony"]
[Black "Bricquir, Stephane"]
[Result "1/2-1/2"]
[WhiteElo "1729"]
[BlackElo "1699"]
[PlyCount "137"]

1. e4 c5 2. Nf3 e6 3. d4 cxd4 4. Nxd4 Nc6 5. Nc3 a6 6. Nb3 Nf6 7. Bd3 Be7 8.
O-O d6 9. Kh1 b5 10. a3 Bb7 11. f4 Qc7 12. Bd2 h5 13. Rc1 Qb6 14. Qf3 Ng4 15.
Nd1 Bf6 16. c3 Ne7 17. Ne3 Nf5 18. Nxf5 exf5 19. Rce1 O-O-O 20. Be3 Nxe3 21.
Qxe3 Qxe3 22. Rxe3 Rhe8 23. Rfe1 Bxe4 24. Bxe4 Rxe4 25. Rxe4 fxe4 26. Rxe4 Kd7
27. g3 Kc6 28. Re2 Rd7 29. Kg2 Kd5 30. Kf3 Kc4 31. Nd2+ Kd3 32. Ne4 Be7 33.
Rd2+ Kc4 34. Rd4+ Kb3 35. Nc5+ dxc5 36. Rxd7 Bf6 37. Rd2 a5 38. Ke4 b4 39. axb4
cxb4 40. Kd3 bxc3 41. bxc3 Bxc3 42. Rc2 Bb4 43. Rc1 Kb2 44. Rc7 a4 45. Rb7 Kb3
46. Rxf7 a3 47. Ra7 a2 48. Rxa2 Kxa2 49. Ke4 Be7 50. Kf5 h4 51. g4 Bf6 52. h3
Kb3 53. Kg6 Bc3 54. f5 Kc4 55. g5 Kd5 56. f6 gxf6 57. gxf6 Ke6 58. f7 Bb4 59.
Kg5 Be7+ 60. Kg4 Kxf7 61. Kf3 Ke6 62. Kg2 Bc5 63. Kf3 Kf5 64. Kg2 Kf4 65. Kh1
Bd6 66. Kg2 Ke3 67. Kh1 Kf3 68. Kg1 Kg3 69. Kh1 1/2-1/2

[Event "Championnat de France - Open C"]
[Site "Belfort - SNPHHUATVS"]
[Date "2010.08.21"]
[Round "11.8"]
[White "Laigneau, Arthur"]
[Black "Scherrer, Gilles"]
[Result "1/2-1/2"]
[WhiteElo "1707"]
[BlackElo "1683"]
[PlyCount "48"]

1. e4 e6 2. d4 d5 3. exd5 exd5 4. Nf3 Bd6 5. Bd3 Nf6 6. O-O O-O 7. Bg5 c6 8.
Re1 Bg4 9. c3 Qc7 10. h3 Bxf3 11. Qxf3 Nbd7 12. Nd2 Rfe8 13. Be3 Re7 14. Re2
Rae8 15. Rae1 Qb6 16. Nb3 a5 17. Bg5 a4 18. Nc1 h6 19. Bxf6 Nxf6 20. Rxe7 Rxe7
21. Rxe7 Bxe7 22. Qe2 Bf8 23. Bc2 Qa5 24. Nd3 Qb5 1/2-1/2

[Event "Championnat de France - Open C"]
[Site "Belfort - SNPHHUATVS"]
[Date "2010.08.21"]
[Round "11.9"]
[White "Siret, Bernard"]
[Black "Chemin, Alexandre"]
[Result "0-1"]
[WhiteElo "1780"]
[BlackElo "1600"]
[PlyCount "86"]

1. d4 d5 2. e4 dxe4 3. Nc3 Nf6 4. f3 exf3 5. Nxf3 e6 6. Bg5 Be7 7. Bd3 Nbd7 8.
O-O O-O 9. Ne2 Nd5 10. Bd2 Re8 11. Qe1 Nf8 12. Rd1 c5 13. c3 cxd4 14. cxd4 b6
15. Ne5 f6 16. Nc6 Qd6 17. Nxe7+ Rxe7 18. Qh4 Rf7 19. Nc3 Nxc3 20. Bxc3 Bb7 21.
a3 Rd8 22. Bb1 Qc6 23. Rd2 Rd5 24. Be4 Rfd7 25. Bxd5 Rxd5 26. Rfd1 Rg5 27. Qf2
Ng6 28. d5 exd5 29. Bd4 Qd6 30. Qe3 Bc6 31. Re1 Kf7 32. Rc2 Ne5 33. Qf4 Ba4 34.
Bxe5 Rxe5 35. Rce2 Qc5+ 36. Kh1 Rxe2 37. Rxe2 Bb5 38. Re1 d4 39. Rc1 Qe5 40.
Rc7+ Ke6 41. Qxe5+ fxe5 42. Kg1 d3 43. Kf2 d2 0-1

[Event "Championnat de France - Open C"]
[Site "Belfort - SNPHHUATVS"]
[Date "2010.08.21"]
[Round "11.10"]
[White "Lagarde, Benjamin"]
[Black "Hocher, Eugene"]
[Result "0-1"]
[WhiteElo "1699"]
[BlackElo "1782"]
[Annotator "Rivier,Sylvain"]
[PlyCount "88"]

1. e4 e6 2. d4 d5 3. exd5 exd5 4. g3 Nf6 5. Bg2 Be7 6. Ne2 Bg4 7. h3 Bf5 8. Nf4
c6 9. Nc3 Nbd7 10. g4 Be4 11. Nxe4 Nxe4 12. c3 Nd6 13. Qe2 Nf6 14. Be3 Qa5 15.
O-O O-O 16. h4 Nfe4 17. g5 Rfe8 18. Qg4 Bf8 19. Rae1 f5 20. Qh3 Nc4 21. Bxe4
fxe4 22. h5 Re7 23. Ne6 Rae8 24. Nxf8 Rxf8 25. g6 h6 26. f4 Qd8 27. f5 Nxe3 28.
Rxe3 Rf6 29. Re2 Re8 30. Qg4 Qa5 31. a3 Qb5 32. b4 Qd3 33. Ref2 Qxc3 34. Rd1
Qxa3 35. b5 Qb3 36. bxc6 bxc6 37. Re1 Qb6 38. Rd2 a5 39. Qf4 Ref8 40. Qe5 Rxf5
41. Qe6+ Kh8 42. Qe7 Rg5+ 43. Kh2 Rxh5+ 44. Kg1 Rhf5 {suite illisible} 0-1